|
|
|
|
| LEADER |
01038ngm a2200241 i 4500 |
| 001 |
eta4958 |
| 005 |
20260305155114.0 |
| 008 |
210118s2020 hu o 000 eng d |
| 040 |
|
|
|a SZTE Elektronikus Tananyag Archívum
|b hun
|
| 041 |
|
|
|a eng
|
| 100 |
1 |
|
|a Csabafi Krisztina
|
| 245 |
1 |
0 |
|a Pathomechanism of type 2 diabetes mellitus
|h [elektronikus dokumentum] /
|c Csabafi Krisztina
|
| 260 |
|
|
|c 2020
|
| 516 |
|
|
|a Video
|
| 650 |
|
4 |
|a Orvos- és egészségtudomány
|
| 650 |
|
4 |
|a Klinikai orvostan
|
| 650 |
|
4 |
|a Endokrinológia és anyagcserebetegségek (benne cukorbetegség, hormonok)
|
| 650 |
|
4 |
|a Diabetológia
|
| 650 |
|
4 |
|a Kettes típusú diabétesz (diabétesz mellitusz)
|
| 695 |
|
|
|a cukorbetegség
|
| 856 |
4 |
0 |
|u https://eta.bibl.u-szeged.hu/4958/1/EFOP343_Pathomechanism%20of%20type%202%20diabetes%20mellitus_Csabafi_Krisztina_20200730%20-short.mp4
|z Dokumentum-elérés
|
| 856 |
4 |
0 |
|u https://eta.bibl.u-szeged.hu/4958/2/felirat.vtt
|z Dokumentum-elérés
|
| 856 |
4 |
0 |
|u https://eta.bibl.u-szeged.hu/4958/3/felirat.html
|z Dokumentum-elérés
|